| 000 | 00717nam a22002297a 4500 | ||
|---|---|---|---|
| 003 | OSt | ||
| 005 | 20140310181922.0 | ||
| 008 | 130718t xxu||||| |||| 00| 0 eng d | ||
| 050 |
_aLB 1585.3 _b.B877 2008 |
||
| 082 |
_aTR 372 _bB879lu 2008 |
||
| 100 |
_aBrown, Susie _91782 |
||
| 245 |
_aDeveloping writing : _bliteracy and science : upper primary / _cSusie Brown. |
||
| 260 |
_aPort Melbourne, Vic : _bRigby, _cc2008. |
||
| 300 |
_a48 p. ; _bill. ; _c28 cm. |
||
| 521 | _aFaculty | ||
| 541 | _j1 | ||
| 562 | _e1 | ||
| 650 |
_aScience _xStudy and teaching (Primary) _91783 |
||
| 650 |
_aEnglish language _xStudy and teaching (Primary) _91784 |
||
| 700 |
_aBrown, Susie _91785 |
||
| 942 |
_2lcc _cBK-TR _kTR |
||
| 999 |
_c7019 _d7019 |
||